Diccionario escolar de la Lengua Española.
Guardado en:
| Formato: | Libro |
|---|---|
| Publicado: |
Buenos Aires :
sap,
2014.
|
| Edición: | 1a. ed. |
| Materias: | |
| Etiquetas: |
Agregar Etiqueta
Sin Etiquetas, Sea el primero en etiquetar este registro!
|
| LEADER | 00449nam a22001575a 4500 | ||
|---|---|---|---|
| 001 | CEM.cems024537 | ||
| 008 | 250403s2014##################000#0#####d | ||
| 005 | 20250403144621.0 | ||
| 245 | 0 | 0 | |a Diccionario escolar de la Lengua Española. |
| 250 | |a 1a. ed. | ||
| 260 | |a Buenos Aires : |b sap, |c 2014. | ||
| 300 | |a 423 p. | ||
| 020 | |a 9789874571519 | ||
| 082 | 0 | 4 | |a 463 |
| 653 | |a Español-diccionarios | ||
| 859 | |a CEMS |b BIB. CEMS - 11 de abril |h 463 |i D547-5 |p 29812.25 |t Ej.1 | ||
